| 000 | 01293nam a2200229 4500 | ||
|---|---|---|---|
| 005 | 20250417101857.0 | ||
| 008 | 250417b |||||||| |||| 00| 0 eng d | ||
| 020 | _a9781509541300 | ||
| 037 | _cTextual | ||
| 040 |
_aRTL _cRTL |
||
| 084 |
_aW:77 R1 _qRTL |
||
| 100 |
_aBhambra, Gurminder K. _9324486 |
||
| 245 | _aColonialism and Modern social theory | ||
| 260 |
_aMedford _bPolity press _c2021 |
||
| 300 |
_avii, 257 p. _bIncludes bibliographical reference and index |
||
| 520 | _aModern society emerged in the context of European colonialism and empire. So, too, did a distinctively modern social theory, laying the basis for most social theorizing ever since. Yet colonialism and empire are absent from the conceptual understandings of modern society, which are organized instead around ideas of nation state and capitalist economy. Gurminder K. Bhambra and John Holmwood address this absence by examining the role of colonialism in the development of modern society and the legacies it has bequeathed. | ||
| 650 |
_aSociology philosophy _9131872 |
||
| 650 |
_aPolitics and government _9580034 |
||
| 650 |
_aEurope colonies historiography _9752194 |
||
| 700 |
_aHolmwood, John _eCo-author _9132055 |
||
| 942 |
_2CC _n0 _cTB _hW:77 R1 |
||
| 999 |
_c1309071 _d1309071 |
||